|
|
|
|
| LEADER |
01224cam a2200289 i 4500 |
| 001 |
3699884 |
| 005 |
20060810204425.0 |
| 008 |
791005s1979 cau b 000 0 eng |
| 010 |
|
|
|a 79023020
|
| 020 |
|
|
|a 0803913710
|
| 040 |
|
|
|a DLC
|c DLC
|d DLC
|
| 082 |
0 |
0 |
|a 300/.1/8
|
| 100 |
1 |
|
|a Carmines, Edward G.
|9 1318
|
| 245 |
1 |
0 |
|a Reliability and validity assessment /
|c Edward G. Carmines, Richard A. Zeller.
|
| 260 |
|
|
|a Beverly Hills, Calif. :
|b Sage Publications,
|c c1979.
|
| 300 |
|
|
|a 70 p. ;
|c 22 cm.
|
| 490 |
0 |
|
|a A Sage university paper : Quantitative applications in the social sciences ;
|v ser. no. 07-017
|
| 504 |
|
|
|a Bibliography: p. [55]-57.
|
| 650 |
|
0 |
|a Social sciences
|x Methodology.
|9 1319
|
| 650 |
|
0 |
|a Social sciences
|x Statistical methods.
|9 1320
|
| 700 |
1 |
|
|a Zeller, Richard A.,
|e joint author.
|9 1321
|
| 740 |
|
|
|a Validity assessment.
|
| 856 |
4 |
2 |
|3 Publisher description
|u http://www.loc.gov/catdir/enhancements/fy0654/79023020-d.html
|
| 906 |
|
|
|a 7
|b cbc
|c orignew
|d u
|e ocip
|f 19
|g y-gencatlg
|
| 942 |
|
|
|2 ddc
|c BK
|
| 999 |
|
|
|c 10973
|d 10973
|
| 952 |
|
|
|0 0
|1 0
|2 ddc
|4 0
|6 300_180000000000000_CAR
|7 0
|9 17184
|a BRACUL
|b BRACUL
|c GEN
|d 2011-06-15
|g 1072.50
|l 1
|m 1
|o 300.18 CAR
|p 3010005821
|r 2011-07-31
|s 2011-06-15
|t 1
|w 2011-06-15
|y BK
|